00335nam a2200133Ia 4500008004100000020000800041041001200049082001600061100002100077245006300098260002500161300000800186650000700194221030s9999 xx 000 0 und d a007 aEnglish a105.23bIye aT. S. K. V. Lyer 0aTheory & Problems in Circuit Analysiscby T. S. K. V. Lyer bTMHaNew Delhic2000 a672 aEE